000 00411pab a2200157 454500
008 180718b2007 xxu||||| |||| 00| 0 eng d
100 _aPrasad, V. Vijay Durga
245 _aManagement education in India: SWOT analysis
260 _c2007
300 _ap.15-17.
362 _a5 Feb
650 _aManagement education - India
650 _aManagement education
773 _aUniversity News
909 _a73220
999 _c73220
_d73220